¿Qué tal Bob?

Bob Wiley, un neurótico lleno de manías y fobias, visita la consulta del psiquiatra Leo Marvin. Harto de sus problemas, el médico se marcha de vacaciones con su familia a su chalet de verano a orillas de un lago. De manera inesperada, Bob se presenta allí y la situación llega a ser tan desesperante...

Descripción completa

Guardado en:
Autor Principal: Oz, Frank.
Autor Corporativo: Touchstone Pictures.
Otros Autores: Sargent, Alvin; Guion., Murray, Bill; Reparto., Dreyfuss, Richard; Reparto., Hagerty, Julie; Reparto.
Formato: Deslizar
Idioma:Undetermined
Publicado: Estados Unidos : Walt Disney Studios Motion Pictures, 1991.
Materias:
Etiquetas: Agregar Etiqueta
Sin Etiquetas, Sea el primero en etiquetar este registro!
LEADER 01327ngm a22002535a 4500
001 CEM.cems020518
008 231004s1991####xx#---############vlund#d
005 20231004204017.0
245 1 0 |a ¿Qué tal Bob?  |h [videograbación] /  |c Frank Oz. 
260 |a Estados Unidos :  |b Walt Disney Studios Motion Pictures,  |c 1991. 
300 |a 99'. 
520 |a Bob Wiley, un neurótico lleno de manías y fobias, visita la consulta del psiquiatra Leo Marvin. Harto de sus problemas, el médico se marcha de vacaciones con su familia a su chalet de verano a orillas de un lago. De manera inesperada, Bob se presenta allí y la situación llega a ser tan desesperante que Leo, completamente desquiciado, trama un plan para deshacerse de él. 
590 |a Identificación anterior: 208 
538 |a Soporte: DVD -- Formato: DVD – Peso: 3.83gb -- Resolución: 720 x 480 -- 29.97fps 
500 |a Título original: What About Bob? – Idioma: Inglés – Subtítulos: Español, inglés, portugués. 
100 1 |a Oz, Frank. 
700 1 |a Sargent, Alvin; Guion. 
700 1 |a Murray, Bill; Reparto. 
700 1 |a Dreyfuss, Richard; Reparto. 
700 1 |a Hagerty, Julie; Reparto. 
710 2 |a Touchstone Pictures. 
653 |a LARGOMETRAJE 
653 |a FICCIÓN 
859 |a CEMS  |b BIB. CEMS - Depto. Recursos Didacticos  |h 778.5  |i OZ  |k DRD  |p 3152.23  |t Ej.1